Investing online for dummies

Want to take firm control of your investments and reach your financial goals, but baffled by the dizzying array of online tools? Start with this bestselling guide. Investing Online For Dummies, 8th Edition will help you build your portfolio with the latest financial management information, tools, an...

Descrición completa

Gardado en:
Detalles Bibliográficos
Autor Principal: Krantz, Matt
Formato: Libro
Idioma:Undetermined
Publicado: Hoboken, N.J. John Wiley & Sons 2013
Những chủ đề:
Các nhãn: Engadir etiqueta
Sen Etiquetas, Sexa o primeiro en etiquetar este rexistro!
Thư viện lưu trữ: Trung tâm Học liệu Trường Đại học Cần Thơ
LEADER 01233nam a2200217Ia 4500
001 CTU_216537
008 210402s9999 xx 000 0 und d
020 |c 6.81 
082 |a 332.60285 
082 |b K89 
100 |a Krantz, Matt 
245 0 |a Investing online for dummies 
245 0 |c Matt Krantz 
260 |a Hoboken, N.J. 
260 |b John Wiley & Sons 
260 |c 2013 
520 |a Want to take firm control of your investments and reach your financial goals, but baffled by the dizzying array of online tools? Start with this bestselling guide. Investing Online For Dummies, 8th Edition will help you build your portfolio with the latest financial management information, tools, and resources available. This top-notch, incredibly popular guide will help you pick stocks, find an online broker, construct a profitable portfolio, research investment data online, parse risk, analyze stocks and financial statements, and so much more. 
650 |a Investments,Electronic trading of securities,Đầu tư,Chứng khoán, giao dịch thương mại 
650 |x Computer network resources,Nguồn máy tính nối mạng 
904 |i Qhieu 
980 |a Trung tâm Học liệu Trường Đại học Cần Thơ